Politika v České republice. ústavní orgány, politické strany, hospodářská politika, zahraniční politika, dokumenty
| Nový název: |
Revue politika Revue Proglas Analýzy & studie |
|---|---|
| Předchozí název: |
Budování státu |
| Korporativní autor: | Masarykova univerzita. Mezinárodní politologický ústav |
| Jazyk: | Čeština |
| Vydáno: |
Brno : Mezinárodní politologický ústav Masarykovy univerzity v Brně, 1997-2001 |
| Témata: | |
| Fyzický popis: |
^^^sv. ; 24 cm |
| Odebírané ročníky: |
1997-2001 |
| Odebírané svazky: |
1-5 |
| LEADER | 02064nas a22004572a 4500 | ||
|---|---|---|---|
| 001 | 000421488 | ||
| 003 | CZ BrMZK | ||
| 005 | 20090824084840.0 | ||
| 008 | 010907d19972001xr br p 0cze d | ||
| 015 | |a cnb000360990 | ||
| 022 | |a 1211-8443 | ||
| 040 | |a BOA001 |b cze | ||
| 043 | |a e-xr--- | ||
| 072 | 7 | |a 32 |x Politika |2 Konspekt |9 15 | |
| 080 | |a 323 |2 MRF | ||
| 080 | |a 327 |2 MRF | ||
| 080 | |a (437.3) |2 MRF | ||
| 080 | |a (051)-027.561 |2 MRF | ||
| 210 | 1 | |a Polit. Čes. repub. | |
| 222 | 0 | |a Politika v České republice | |
| 245 | 0 | 0 | |a Politika v České republice. |n ústavní orgány, politické strany, hospodářská politika, zahraniční politika, dokumenty |
| 260 | |a Brno : |b Mezinárodní politologický ústav Masarykovy univerzity v Brně, |c 1997-2001 | ||
| 300 | |a ^^^sv. ; |c 24 cm | ||
| 310 | |a 6x ročně | ||
| 362 | 1 | |a Roč. 1(8), č. 1 (1997)-roč. 5, č. 5 (2001) | |
| 650 | 0 | 7 | |a vnitřní politika |7 ph135356 |z Česko |2 czenas |
| 650 | 0 | 7 | |a mezinárodní vztahy |7 ph137626 |z Česko |2 czenas |
| 655 | 7 | |a odborné časopisy |7 fd132951 |2 czenas | |
| 710 | 2 | |a Masarykova univerzita. |b Mezinárodní politologický ústav |7 kn20010709045 | |
| 780 | 0 | 2 | |t Budování státu |
| 785 | 0 | 7 | |t Revue politika |
| 785 | 0 | 7 | |t Revue Proglas |
| 785 | 0 | 7 | |t Analýzy & studie |
| 910 | |a BOA001 |b 04232-1062.112 |r 1997-2001 |s 1-5 | ||
| 952 | |a e-xr-jm | ||
| 990 | |a SE | ||
| 996 | 6 | |b 2610095978 |c 04232-1062.112 |d 1997 1 1-5 |v 1 |i 1 |y 1997 |l MZK |r Sklad / do 1 hodiny |n 5 |p p.v. |w 000421488 |u 000010 |a 1 |e BOA001 |j MZK50 |s P | |
| 996 | 6 | |b 2610095979 |c 04232-1062.112 |d 1998 2 1-6 |v 2 |i 1 |y 1998 |l MZK |r Sklad / do 1 hodiny |n 7 |p p.v. |w 000421488 |u 000020 |a 1 |e BOA001 |j MZK50 |s P | |
| 996 | 6 | |b 2610115454 |c 04232-1062.112 |d 1999 3 1-6 |v 3 |y 1999 |l MZK |r Sklad / do 1 hodiny |n 6 |p p.v. |w 000421488 |u 000030 |a 1 |e BOA001 |j MZK50 |s P | |
| 996 | 6 | |b 2610139455 |c 04232-1062.112 |d 2000 4 1-6 |v 4 |y 2000 |l MZK |r Sklad / do 1 hodiny |n 7 |p p.v. |w 000421488 |u 000040 |a 1 |e BOA001 |j MZK50 |s P | |
| 996 | 6 | |b 2610182998 |c 04232-1062.112 |d 2001 5 1-6 |v 5 |i 1-6 |y 2001 |l MZK |r Sklad / do 1 hodiny |n 5 |p p.v. |w 000421488 |u 000150 |a 1 |e BOA001 |j MZK50 |s P | |
English
Čeština 